Sąsiedzi państw - Ameryka Południowa - Statystyki

Ogólne statystyki
  • Ten quiz został rozwiązany 71 razy
  • Średni wynik to 12 z 12
Statystyki odpowiedzi
Państwo Sąsiedzi % Poprawnych
Argentyna Boliwia / Brazylia / Chile / Paragwaj / Urugwaj
100%
Paragwaj Argentyna / Boliwia / Brazylia
98%
Brazylia Argentyna / Boliwia / Francja / Gujana / Kolumbia / Paragwaj / Peru / Surinam / Urugwaj / Wenezuela
98%
Chile Argentyna / Boliwia / Peru
98%
Kolumbia Brazylia / Ekwador / Panama / Peru / Wenezuela
98%
Surinam Brazylia / Francja / Gujana
98%
Wenezuela Brazylia / Gujana / Kolumbia
98%
Urugwaj Argentyna / Brazylia
97%
Boliwia Argentyna / Brazylia / Chile / Paragwaj / Peru
97%
Peru Boliwia / Brazylia / Chile / Ekwador / Kolumbia
97%
Gujana Brazylia / Surinam / Wenezuela
97%
Ekwador Kolumbia / Peru
97%
Nie znaleziono quizów pasujących do podanych kryteriów
Rozkład punktacji
Procent ludzi z każdym wynikiem
Percentyl według liczby udzielonych odpowiedzi
Twoja historia wyników
Nie rozwiązałeś tego quizu